Ανθρωπισμός και τεχνολογία
Αποθηκεύτηκε σε:
| Συγγραφή απο Οργανισμό/Αρχή: | |
|---|---|
| Μορφή: | Βιβλίο |
| Γλώσσα: | Greek |
| Δημοσίευση: |
Αθήναι :
Χριστιανική Ένωσις Εκπαιδευτικών Λειτουργών,
1977
|
| Θέματα: | |
| Ετικέτες: |
Προσθήκη ετικέτας
Δεν υπάρχουν, Καταχωρήστε ετικέτα πρώτοι!
|
MARC
| LEADER | 00000cam a2200000 i 4500 | ||
|---|---|---|---|
| 001 | 1/99164 | ||
| 008 | 081211s1977 gre d | ||
| 035 | |l 10102357 | ||
| 040 | |a GR-MY-UA |b gre |e aacr | ||
| 041 | 0 | |a gre | |
| 082 | 0 | |a 303.483 |2 (22) | |
| 110 | 2 | |a Χριστιανική Ένωσις Εκπαιδευτικών Λειτουργών. | |
| 245 | 1 | 0 | |a Ανθρωπισμός και τεχνολογία / |c Χριστιανική Ένωσις Εκπαιδευτικών Λειτουργών |
| 260 | |a Αθήναι : |b Χριστιανική Ένωσις Εκπαιδευτικών Λειτουργών, |c 1977 | ||
| 300 | |a 152 σ.; |c 21 εκ. | ||
| 504 | |a Περιλαμβάνει βιβλιογραφίες | ||
| 650 | 0 | 0 | |a Humanism. |
| 650 | 0 | 0 | |a Technology and civilization. |
| 650 | 0 | 0 | |a Education, Humanistic. |
| 650 | 0 | 0 | |a Science and civilization. |
| 852 | |a INST |b RHODES |c AKA |e 20081211 |h 303.483 ΧΡΙ |p 005400031495 |q 005400031495 |t BK |y 0 | ||
| 901 | |a BIBL4-2008-3 | ||
| 909 | |a Ρ |b 156555 | ||
| 970 | |a ΧΑΡΙΟΠΟΛΙΤΟΥ |b ΚΩΝΣΤΑΝΤΙΝΑ |z 2008/12/11 | ||